UNIVERSAL PHILOSOPHY THE ESSENCE OF ALL TEACHINGS (Record no. 2945)

MARC details
000 -LEADER
fixed length control field 00428nam a2200157Ia 4500
008 - FIXED-LENGTH DATA ELEMENTS--GENERAL INFORMATION
fixed length control field 220530s9999 xx 000 0 und d
020 ## - INTERNATIONAL STANDARD BOOK NUMBER
International Standard Book Number 8181830156
082 ## - DEWEY DECIMAL CLASSIFICATION NUMBER
Classification number 100
100 ## - MAIN ENTRY--PERSONAL NAME
Personal name ROBERT ELIAS NAJEMY
9 (RLIN) 62153
245 ## - TITLE STATEMENT
Title UNIVERSAL PHILOSOPHY THE ESSENCE OF ALL TEACHINGS
250 ## - EDITION STATEMENT
Edition statement FIRST
260 ## - PUBLICATION, DISTRIBUTION, ETC. (IMPRINT)
Place of publication, distribution, etc. MUMBAI
Name of publisher, distributor, etc. VMP PUBLISHERS AND DISTRIBUTERS MUMBAI
Date of publication, distribution, etc. 2004
300 ## - PHYSICAL DESCRIPTION
Extent 305
650 ## - SUBJECT ADDED ENTRY--TOPICAL TERM
Topical term or geographic name as entry element MISCELLNOUS
9 (RLIN) 62154
Holdings
Withdrawn status Lost status Damaged status Not for loan Home library Current library Date acquired Vendor Cost, normal purchase price Full call number Barcode Date last seen Bill Date Koha item type Original Barcode Total Checkouts Date last checked out
        Sitabai Nargundkar College of Nursing Nagpur Sitabai Nargundkar College of Nursing Nagpur 28/09/2021 TEXTBOOKDONATED RATNA NIDHI CHARITABLE TRUST 37.00 100 SNCN-BK-2813 05/05/2023 31/05/2022 Donated Book 2813    
        Sitabai Nargundkar College of Nursing Nagpur Sitabai Nargundkar College of Nursing Nagpur 28/09/2021 TEXTBOOKDONATED RATNA NIDHI CHARITABLE TRUST 37.00 100 SNCN-BK-2814 05/05/2023 31/05/2022 Donated Book 2814    
        Sitabai Nargundkar College of Nursing Nagpur Sitabai Nargundkar College of Nursing Nagpur 28/09/2021 TEXTBOOKDONATED RATNA NIDHI CHARITABLE TRUST 37.00 100 SNCN-BK-2815 28/04/2025 31/05/2022 Donated Book 2815 3 16/04/2025
        Sitabai Nargundkar College of Nursing Nagpur Sitabai Nargundkar College of Nursing Nagpur 28/09/2021 TEXTBOOKDONATED RATNA NIDHI CHARITABLE TRUST 37.00 100 SNCN-BK-2816 05/05/2023 31/05/2022 Donated Book 2816    
        Sitabai Nargundkar College of Nursing Nagpur Sitabai Nargundkar College of Nursing Nagpur 28/09/2021 TEXTBOOKDONATED RATNA NIDHI CHARITABLE TRUST 37.00 100 SNCN-BK-2817 05/05/2023 31/05/2022 Donated Book 2817    
        Sitabai Nargundkar College of Nursing Nagpur Sitabai Nargundkar College of Nursing Nagpur 28/09/2021 TEXTBOOKDONATED RATNA NIDHI CHARITABLE TRUST 37.00 100 SNCN-BK-2818 05/05/2023 31/05/2022 Donated Book 2818    
        Sitabai Nargundkar College of Nursing Nagpur Sitabai Nargundkar College of Nursing Nagpur 28/09/2021 TEXTBOOKDONATED RATNA NIDHI CHARITABLE TRUST 37.00 100 SNCN-BK-2819 05/05/2023 31/05/2022 Donated Book 2819